00310nam a2200133Ia 4500008004100000041000800041082001400049100001900063245002500082250001400107260003100121300001700152365000700169240624s9999 xx 000 0 und d aeng a005.8 SCH aSCHNEIER BRUCE aAPPLIED CRYPTOGRAPHY a(2nd ed.) c2002aNew YorkbJohn Wiley axxiii, : 758 cRS